Organización Puerto de Cartagena : (Registro nro. 15432)
[ vista simple ]
| 000 -LEADER | |
|---|---|
| fixed length control field | 01744nam a22003137a 4500 |
| 003 - CONTROL NUMBER IDENTIFIER | |
| control field | OSt |
| 005 - DATE AND TIME OF LATEST TRANSACTION | |
| control field | 20210318134615.0 |
| 008 - FIXED-LENGTH DATA ELEMENTS--GENERAL INFORMATION | |
| fixed length control field | 210318s2017 ck ao||gr|||| 00| 0 spa d |
| 020 ## - INTERNATIONAL STANDARD BOOK NUMBER | |
| International Standard Book Number | 9789588818436 |
| 040 ## - CATALOGING SOURCE | |
| Original cataloging agency | CO-JMCR |
| Transcribing agency | CO-JMCR |
| 041 0# - LANGUAGE CODE | |
| Language code of text/sound track or separate title | spa |
| 082 04 - DEWEY DECIMAL CLASSIFICATION NUMBER | |
| Classification number | 387.10986114 / |
| Item number | L791o |
| Edition number | 23 |
| 100 1# - MAIN ENTRY--PERSONAL NAME | |
| Personal name | Llano Restrepo, Adriana, |
| Relator term | autora |
| 9 (RLIN) | 13511 |
| 245 10 - TITLE STATEMENT | |
| Title | Organización Puerto de Cartagena : |
| Remainder of title | sociedad portuaria regional de Cartagena y Contecar / |
| Statement of responsibility, etc. | Adriana Llano Restrepo ; prólogo Juan Gossaín ; fotografía Andrés Mauricio López, Héctor Rico ; proyecto, diseño y edición Benjamín Villegas. |
| 250 ## - EDITION STATEMENT | |
| Edition statement | Primera edición |
| 260 ## - PUBLICATION, DISTRIBUTION, ETC. | |
| Place of publication, distribution, etc. | Bogotá : |
| Name of publisher, distributor, etc. | Villegas editores, |
| Date of publication, distribution, etc. | 2017 |
| 300 ## - PHYSICAL DESCRIPTION | |
| Extent | 325 páginas : |
| Other physical details | ilustraciones y fotografías a color ; |
| Dimensions | 31 cm. |
| 504 ## - BIBLIOGRAPHY, ETC. NOTE | |
| Bibliography, etc. note | Bibliografía : páginas 321-322. |
| 505 0# - FORMATTED CONTENTS NOTE | |
| Formatted contents note | Cartagena y du puerto: pilar en la historia y futuro del comercio Colombiano -- Cartagena y sui puerto: una misma historia -- !Bravo Zulu¡, Puerto de Cartagena -- Un puerto feliz -- Corazón del Caribe -- Listos para el futuro -- El cerebro de la operación -- De cara al mundo -- La dicha de servir -- Un puerto eco amigable -- Una historia ejemplar -- Palmarés a la excelencia |
| 650 14 - SUBJECT ADDED ENTRY--TOPICAL TERM | |
| Topical term or geographic name entry element | Sociedad Portuaria Regional de Cartagena |
| General subdivision | Historia |
| 9 (RLIN) | 36301 |
| 650 24 - SUBJECT ADDED ENTRY--TOPICAL TERM | |
| Topical term or geographic name entry element | Centro de Distribución Logística Contecar |
| General subdivision | Historia |
| 9 (RLIN) | 36302 |
| 650 24 - SUBJECT ADDED ENTRY--TOPICAL TERM | |
| Topical term or geographic name entry element | Puertos |
| General subdivision | Aspectos económicos |
| Geographic subdivision | Cartagena |
| 9 (RLIN) | 36303 |
| 650 24 - SUBJECT ADDED ENTRY--TOPICAL TERM | |
| Topical term or geographic name entry element | Puertos |
| Geographic subdivision | (Bolívar, Colombia) |
| 9 (RLIN) | 36304 |
| 650 24 - SUBJECT ADDED ENTRY--TOPICAL TERM | |
| Topical term or geographic name entry element | Historia |
| General subdivision | Cartagena |
| Geographic subdivision | (Bolívar, Colombia) |
| 9 (RLIN) | 36305 |
| 700 1# - ADDED ENTRY--PERSONAL NAME | |
| Personal name | Gossaín, Juan, |
| Relator term | prologuista |
| 9 (RLIN) | 36306 |
| 700 1# - ADDED ENTRY--PERSONAL NAME | |
| Personal name | López, Andrés Mauricio, |
| Relator term | fotógrafo |
| 9 (RLIN) | 36307 |
| 700 1# - ADDED ENTRY--PERSONAL NAME | |
| Personal name | Rico, Héctor, |
| Relator term | fotógrafo |
| 9 (RLIN) | 36308 |
| 942 ## - ADDED ENTRY ELEMENTS (KOHA) | |
| Source of classification or shelving scheme | Dewey Decimal Classification |
| Koha item type | Books |
| Withdrawn status | Lost status | Source of classification or shelving scheme | Damaged status | Not for loan | Home library | Current library | Shelving location | Date acquired | Source of acquisition | Total Checkouts | Full call number | Barcode | Date last seen | Date last checked out | Copy number | Price effective from | Koha item type |
|---|---|---|---|---|---|---|---|---|---|---|---|---|---|---|---|---|---|
| Dewey Decimal Classification | Biblioteca Pública José María del Castillo y Rada | Biblioteca Pública José María del Castillo y Rada | General Stacks | Donación | 6 | 387.10986114 / L791o | 201810927 | 04/08/2025 | 04/07/2025 | Ej.1 | Books |